| 000 | 02052nam a22002897a 4500 | ||
|---|---|---|---|
| 003 | OSt | ||
| 005 | 20260625103416.0 | ||
| 008 | 260625t2025 xxu||||| |||| 00| 0 spa d | ||
| 040 |
_aUnicoc _bspa _c00001 _d00001 |
||
| 082 | _a371.33 | ||
| 100 |
_913134 _aRey Valzacchi, Jorge |
||
| 245 |
_aNeuroeducación e Inteligencia Artificial _b: Educar con inteligencia humana en la era de las máquinas que aprenden _c/ Jorge Rey Valzacchi |
||
| 250 | _a1 Ed. | ||
| 260 |
_aArgentina : _bInstituto Latinoamericano de Desarrollo Profesional Docente , _c2025. |
||
| 300 |
_a86 páginas _bIlustraciones, diagramas, tablas |
||
| 440 |
_913135 _aAprende Virtual |
||
| 500 | _aIncluye bibliografía | ||
| 505 |
_t1. Fundamentos de la neuroeducación. --
_t2. Cómo aprende el cerebro. -- _t3. Inteligencia artificial en educación: una introducción desde el cerebro. -- _t4. Memoria y aprendizaje: bases neurocientíficas. -- _t5. Redes neuronales: del cerebro a la inteligencia artificial. -- _t6. Pensamiento Computacional y Neuroeducación. -- _t7. IA para potenciar la atención y la concentración. -- _t8. Memoria y aprendizaje personalizado con IA. -- _t9. Emoción, motivación y sistemas inteligentes. -- _t10. Autorregulación del aprendizaje y funciones ejecutivas con IA. -- _t11. Evaluación formativa y personalizada con IA. -- _t12. Desafíos éticos y pedagógicos de la IA en educación. -- _t13. Escenarios reales de aplicación neuroeducativa con IA. -- _t14. Repensar el rol docente en tiempos de IA y neurociencia. -- _t15. Proyecciones de una educación con cerebro e IA. |
||
| 526 | _5Unicoc | ||
| 546 | _aEspañol | ||
| 650 | 0 |
_913147 _aNeuroeducación |
|
| 650 | 0 |
_99921 _aNeurociencia cognitiva |
|
| 650 | 0 |
_97157 _aAprendizaje _vAspectos neurobiológicos |
|
| 650 | 0 |
_913136 _aTecnología educativa |
|
| 856 |
_yAcceso online exclusivo para comunidad Unicoc. _uhttps://unicoceduco-my.sharepoint.com/:b:/g/personal/direccionbiblioteca_unicoc_edu_co/IQDmR9j6YdqCTpyQzsc61a5mAd1985NKf3qWTwvYlo6yd2Y |
||
| 942 |
_2ddc _cEBOOK |
||
| 999 |
_c10907 _d10907 |
||